• 首页
  • 本馆介绍
  • 公告通知
  • 最新文献
  • 馆藏检索
  • 电子资源
  • 读者导购
  • 参考咨询
  • 我的图书馆
  • 登录
  • 详细信息显示
  • 放入我的书架
  • 预约/预借图书
  • 作者相关作品
  • 分类相关作品
  • 丛书相关作品
  • 出版社相关作品

书目信息

  • 表格格式
  • 工作单格式
  • 卡片格式
题名:
中国历史选择题分析
    
 
作者: 刘凌 , 卢印玺 编写
分册:  
出版信息: 天津   天津教育出版社  1988
页数: 239页
开本: 19cm
丛书名: 标准化考试参考资料
单 册:
中图分类: G633.53
科图分类:
主题词: 历史--中学--试题--中国 , 中国历史--中学--试题
电子资源:
ISBN: 7-5309-0316-0
000 00841cam0 2200289 450
001 0100239700
005 20070604154742.0
010    @a7-5309-0316-0@dCNY1.35
011    @a7-5309-0316-0
100    @a19910415d1988 am y0chiy0110 ea
101 0  @achi
102    @aCN@b120000
105    @ay q 000yy
106    @ar
200 1  @a中国历史选择题分析@9Zhong Guo Li Shi Xuan Ze;Zhai Ti Fen Xi @f刘凌,卢印玺编写@b专著
210    @a天津@c天津教育出版社@d1988
215    @a239页@d19cm
225 2  @a标准化考试参考资料
300    @a按新大纲编写
410  0 @12001 @a标准化考试参考资料
606 0  @a历史@x中学@x试题@y中国
606 0  @a中国历史@x中学@x试题
690    @aG633.53@v1980
701  0 @a刘凌@9liu ling@4编写
701  0 @a卢印玺@9lu yin xi@4编写
801  0 @aCN@bAiZhiMarc@c19910415
905    @aBZT@dG633.53@e4@f4@sG633.53/4
    
    中国历史选择题分析/刘凌,卢印玺编写.-天津:天津教育出版社,1988
    239页;19cm.-(标准化考试参考资料)
    按新大纲编写
    
    ISBN 7-5309-0316-0:CNY1.35
    
●
相关链接 在五车中查询图书 在当当中查询图书 在豆瓣中查询图书


正题名:中国历史选择题分析     索取号:G633.53/4         预约/预借

序号 登录号 条形码 馆藏地/架位号 状态 备注
1 2000091431   2000091431   旧书回溯/ [索取号:G633.53/4] 在馆    
2 2000091432   2000091432   旧书回溯/ [索取号:G633.53/4] 在馆    
3 2000097588   2000097588   旧书回溯/ [索取号:G633.53/4] 在馆    
4 2000133915   2000133915   旧书回溯/ [索取号:G633.53/4] 在馆    
山东省滨州职业学院图书馆 欢迎您!
大连网信软件有限公司© 版权所有